00674nam a2200241 a 4500001001300000003000900013005001700022008004100039020001000080082001500090100002200105245003000127260003500157300000900192500003500201505001000236650001800246700002200264902000800286942000700294952011600301999001500417nice12345678IN_TiNIC20260116012843.0050524s1963 newa grp 000 0 eng  ac10000a254.5bPIC aPickett, J Waskom aDynamics of Church Growth aNew YorkbAbingdon Pressc1963 a116p aincludes index and biblioraphy2 aIndex aChurch-Growth1 aPickett, J Waskom bSRS cBK 001040708StackRoom-aHMIbHMId2007-07-10g100.00l0o254.5 PICp010035r2007-07-10v100.00w2005-05-24yBK c8653d8653